Pedagogía natural: una teoría general de la educación y la enseñanza

Saved in:
書目詳細資料
主要作者: Hernández Ruiz, Santiago (Author)
格式: 圖書
語言:西班牙语
出版: Ciudad de México UTEHA 1960
叢編:Biblioteca Clásicos y Modernos de Educación
主題:
標簽: 添加標簽
沒有標簽, 成為第一個標記此記錄!

MARC

LEADER 00000nam a2200000 a 4500
001 UCU0593
003 CL-VaPUC
008 960322e19600000MX |||||||||||||||||spa|d
082 0 4 |a 370.1  |b HER  |2 21 
100 |a Hernández Ruiz, Santiago  |e author  |9 576883 
245 1 0 |a Pedagogía natural: una teoría general de la educación y la enseñanza 
300 |a V 
942 |c BK 
945 |d 19960322 00:00:00  |a paguirre 
260 |a Ciudad de México  |b UTEHA  |c 1960 
650 0 |a Educación  |9 258661 
650 0 |a Filosofía de la educación   |9 258384 
650 0 |a Teoría de la educación   |9 309368 
650 0 |a Psicología educacional   |9 307830 
650 0 |a Psicología del niño  |9 307305 
650 0 |a Educación moral  |9 308319 
650 0 |a Gestión educacional   |9 261035 
650 0 |a Métodos de aprendizaje  |9 334464 
650 0 |a Métodos de enseñanza  |9 270413 
583 |a last modification  |c 19960322 00:00:00  |k Rodrigo Vera 
490 0 |a Biblioteca Clásicos y Modernos de Educación 
999 |c 245433  |d 245431 
952 |0 0  |1 0  |4 0  |6 370_100000000000000_HER_1960  |7 0  |8 P  |9 259937  |a BIBEDU  |b BIBEDU  |c BIBEDU_PB  |d 2019-11-19  |h v.1  |i 1637541  |o 370.1 HER 1960  |p 1637541  |r 2024-01-25  |w 2019-11-19  |y BK  |k EDU 
952 |0 0  |1 0  |4 0  |6 370_100000000000000_HER_1960  |7 0  |8 P  |9 259938  |a BIBEDU  |b BIBEDU  |c BIBEDU_PB  |d 2019-11-19  |h v.2  |i 1637525  |o 370.1 HER 1960  |p 1637525  |r 2024-01-25  |w 2019-11-19  |y BK  |k EDU